La pobreza como metáfora /

Uloženo v:
Podrobná bibliografie
Hlavní autor: Gamboa, Isabel
Médium: Text
Tagy: Přidat tag
Žádné tagy, Buďte první, kdo vytvoří štítek k tomuto záznamu!

MARC

LEADER 00000 a a2200000 04500
001 3031
003
040
100 |a Gamboa, Isabel  
245 |a La pobreza como metáfora /  |c Isabel Gamboa 
773 |g volumen 25, número 1; páginas 243-254  
999 |c 39972  |d 39972